Racism; the Australian experience: (Record no. 9751)

MARC details
000 -LEADER
fixed length control field 00530cam a2200193 4500
003 - CONTROL NUMBER IDENTIFIER
control field OS
005 - DATE AND TIME OF LATEST TRANSACTION
control field 20260511181329.0
008 - FIXED-LENGTH DATA ELEMENTS--GENERAL INFORMATION
fixed length control field 720517s1972 nyu b 000 0 eng
020 ## - INTERNATIONAL STANDARD BOOK NUMBER
International Standard Book Number 0800865804
020 ## - INTERNATIONAL STANDARD BOOK NUMBER
International Standard Book Number 9780800865801
040 ## - CATALOGING SOURCE
Transcribing agency IRDP
082 00 - DEWEY DECIMAL CLASSIFICATION NUMBER
Classification number 320.56 RAC
245 00 - TITLE STATEMENT
Title Racism; the Australian experience:
Remainder of title a study of race prejudice in Australia
260 ## - PUBLICATION, DISTRIBUTION, ETC. (IMPRINT)
Place of publication, distribution, etc. New York;
Name of publisher, distributor, etc. Taplinger Pub. Co.
Date of publication, distribution, etc. 1972.
300 ## - PHYSICAL DESCRIPTION
Extent 3 v.
Dimensions 25 cm.
504 ## - BIBLIOGRAPHY, ETC. NOTE
Bibliography, etc Includes bibliographies.
700 1# - ADDED ENTRY--PERSONAL NAME
Personal name Stevens, Frank S.
942 ## - ADDED ENTRY ELEMENTS (KOHA)
Source of classification or shelving scheme Dewey Decimal Classification
Koha item type BOOKS
Holdings
Withdrawn status Lost status Source of classification or shelving scheme Damaged status Not for loan Home library Current library Shelving location Date acquired Total Checkouts Full call number Barcode Date last seen Price effective from Koha item type
    Dewey Decimal Classification     Dodoma Dodoma Ground Floor 11/05/2026   320.56 RAC LIB003504 11/05/2026 11/05/2026 BOOKS

IRDP © 2021 :: Managed by ICT Team